[Event "Madrid-ch Superveteranos +65 2019"]
[Site "Madrid ESP"]
[Date "2019.01.22"]
[Round "2.5"]
[White "Lopez Heras, Arturo"]
[Black "Corredor Gonzalez, Angel L."]
[Result "0-1"]
[WhiteElo "1858"]
[BlackElo "1709"]
[PlyCount "168"]
[EventDate "2019.01.21"]
[EventType "swiss"]
[EventRounds "7"]
[EventCountry "ESP"]
[SourceTitle "Ajedrez en Madrid"]
[Source "lmi"]
[SourceDate "2019.01.21"]
[SourceVersion "1"]
[SourceVersionDate "2019.01.30"]
[SourceQuality "1"]

1. e4 e5 2. Nf3 Nf6 3. Nxe5 d6 4. Nf3 Nxe4 5. d4 d5 6. Bd3 Bd6 7. O-O O-O 8. c4
c6 9. Qc2 Re8 10. cxd5 cxd5 11. Nc3 Nf6 12. Bg5 Be7 13. Rfe1 Be6 14. Bxf6 Bxf6
15. Bxh7+ Kh8 16. Bf5 Nc6 17. Bxe6 fxe6 18. Rad1 Qb6 19. a3 Nxd4 20. Nxd4 Bxd4
21. Na4 Qa5 22. Re2 Rac8 23. Qb3 e5 24. g3 Rf8 25. Kg2 Qa6 26. Red2 Qc6 27. Nc3
Bxc3 28. bxc3 d4+ 29. Kg1 dxc3 30. Rc2 Qf3 31. Re1 Qf5 32. Re3 Rc6 33. Rexc3
Rb6 34. Qa2 Rd8 35. Kg2 e4 36. Rc1 Rbd6 37. Qb3 Rd2 38. Rf1 Rf8 39. Rc2 Qxf2+
40. Rxf2 Rfxf2+ 41. Kg1 Rg2+ 42. Kf1 Rxc2 43. Qf7 Rxh2 44. Qe8+ Kh7 45. Qxe4+
Kh6 46. Kg1 Rhe2 47. Qf4+ Kg6 48. Qg4+ Kf6 49. Kf1 Red2 50. Ke1 Rh2 51. Kd1
Rcd2+ 52. Kc1 Rdf2 53. Qd4+ Kg6 54. Qe4+ Kf6 55. Qd4+ Ke6 56. Qe4+ Kd6 57. Qd4+
Ke6 58. Qe4+ Kf6 59. Qd4+ Kg6 60. Qe4+ Kh6 61. Qe3+ g5 62. Qe6+ Kh5 63. g4+ Kh4
64. Qh6+ Kxg4 65. Qe6+ Kh4 66. Qe4+ g4 67. Qh7+ Kg3 68. Qc7+ Rf4 69. Kd1 Kf3
70. Qxb7+ Ke3 71. Qxa7+ Rd4+ 72. Kc1 g3 73. Qc5 Rh1+ 74. Kc2 Rhd1 75. Qg5+ Kf2
76. Qf5+ Kg1 77. a4 Rf1 78. Qe5 Rff4 79. a5 g2 80. Qe1+ Kh2 81. Qe2 Kh1 82.
Qh5+ Rh4 83. Qf3 Rdf4 84. Qd5 Re4 0-1

[Event "Madrid-ch Superveteranos +65 2019"]
[Site "Madrid ESP"]
[Date "2019.01.22"]
[Round "2.6"]
[White "Perez Gonzalez, Jesus Miguel"]
[Black "Rueda Maria, Ramiro"]
[Result "0-1"]
[WhiteElo "1668"]
[BlackElo "1819"]
[PlyCount "68"]
[EventDate "2019.01.21"]
[EventType "swiss"]
[EventRounds "7"]
[EventCountry "ESP"]
[SourceTitle "Ajedrez en Madrid"]
[Source "lmi"]
[SourceDate "2019.01.21"]
[SourceVersion "1"]
[SourceVersionDate "2019.01.30"]
[SourceQuality "1"]

1. e4 e5 2. Nf3 Nc6 3. Bc4 Be7 4. c3 Nf6 5. d3 d6 6. O-O O-O 7. Bb3 h6 8. Nh4
d5 9. Nf5 Bxf5 10. exf5 Qd7 11. Qf3 e4 12. dxe4 dxe4 13. Qh3 Rad8 14. Na3 Qd3
15. Be3 Qe2 16. Bxh6 gxh6 17. Qxh6 Qh5 18. Qxh5 Nxh5 19. Nb5 Rd7 20. Bd1 Nf6
21. g4 a6 22. Na3 Bxa3 23. bxa3 Ne5 24. h3 Rd3 25. Kg2 Nd5 26. Re1 Nxc3 27. Bc2
Rd4 28. Re3 Nd3 29. Kg3 c5 30. f3 c4 31. fxe4 Nxe4+ 32. Kh4 Kg7 33. g5 Rh8+ 34.
Kg4 Nxg5+ 0-1

[Event "Madrid-ch Superveteranos +65 2019"]
[Site "Madrid ESP"]
[Date "2019.01.22"]
[Round "2.7"]
[White "Garcia Esteban, Ignacio"]
[Black "Rodriguez Bachiller, Luis"]
[Result "1/2-1/2"]
[WhiteElo "1807"]
[BlackElo "1613"]
[PlyCount "71"]
[EventDate "2019.01.21"]
[EventType "swiss"]
[EventRounds "7"]
[EventCountry "ESP"]
[SourceTitle "Ajedrez en Madrid"]
[Source "lmi"]
[SourceDate "2019.01.21"]
[SourceVersion "1"]
[SourceVersionDate "2019.01.30"]
[SourceQuality "1"]

1. e4 c5 2. Nf3 e6 3. c4 d6 4. Nc3 Nc6 5. d4 cxd4 6. Nxd4 Be7 7. Be2 Nf6 8. O-O
O-O 9. Be3 a6 10. Qd2 Qc7 11. Nxc6 Qxc6 12. f3 Bd7 13. Rac1 Rfd8 14. Rfd1 Be8
15. Qe1 Nd7 16. Qf2 Bf6 17. b3 Bxc3 18. Rxc3 f6 19. Rcc1 e5 20. Bf1 Bf7 21. g3
Nc5 22. Rd2 Rab8 23. Rcd1 b6 24. Bg2 a5 25. f4 Bh5 26. Re1 Qc7 27. Bf3 Bxf3 28.
Qxf3 Qc6 29. Rd5 Na6 30. Red1 Nc7 31. R5d2 Ne8 32. fxe5 fxe5 33. Rf1 Nf6 34.
Bg5 Qxe4 35. Bxf6 Qxf3 36. Rxf3 1/2-1/2

[Event "Madrid-ch Superveteranos +65 2019"]
[Site "Madrid ESP"]
[Date "2019.01.22"]
[Round "2.8"]
[White "Quintero Cuervo, Edgar"]
[Black "Cruz Gonzalez, Antonio"]
[Result "0-1"]
[WhiteElo "1557"]
[BlackElo "1790"]
[PlyCount "66"]
[EventDate "2019.01.21"]
[EventType "swiss"]
[EventRounds "7"]
[EventCountry "ESP"]
[SourceTitle "Ajedrez en Madrid"]
[Source "lmi"]
[SourceDate "2019.01.21"]
[SourceVersion "1"]
[SourceVersionDate "2019.01.30"]
[SourceQuality "1"]

1. d4 Nf6 2. c4 g6 3. Nc3 Bg7 4. e4 d6 5. Be2 O-O 6. Be3 e5 7. Nf3 Ng4 8. Qd2
Nxe3 9. fxe3 Nc6 10. O-O-O Bg4 11. d5 Ne7 12. h3 Bxf3 13. gxf3 Kh8 14. h4 h5
15. Rdg1 Ng8 16. Qe1 Bh6 17. Nd1 a6 18. Kb1 Rb8 19. Qg3 b5 20. f4 exf4 21. exf4
Qf6 22. Rf1 bxc4 23. Bxc4 Qd4 24. Bd3 Rxb2+ 25. Nxb2 Rb8 26. Rh2 Bg7 27. Rff2
Nf6 28. Re2 Ng4 29. Rhg2 a5 30. f5 Ne3 31. Rd2 Rxb2+ 32. Rxb2 Qxd3+ 33. Kc1
Qd1# 0-1

[Event "Madrid-ch Superveteranos +65 2019"]
[Site "Madrid ESP"]
[Date "2019.01.22"]
[Round "2.9"]
[White "Martinez Rubio, Felipe"]
[Black "Lopez Oneto, Manuel"]
[Result "1/2-1/2"]
[WhiteElo "1704"]
[BlackElo "1563"]
[PlyCount "106"]
[EventDate "2019.01.21"]
[EventType "swiss"]
[EventRounds "7"]
[EventCountry "ESP"]
[SourceTitle "Ajedrez en Madrid"]
[Source "lmi"]
[SourceDate "2019.01.21"]
[SourceVersion "1"]
[SourceVersionDate "2019.01.30"]
[SourceQuality "1"]

1. d4 Nf6 2. Bg5 Ne4 3. Bf4 d5 4. Nd2 Nf6 5. e3 g6 6. Ngf3 Bg7 7. c4 c6 8. h3
O-O 9. Bd3 Re8 10. O-O Nbd7 11. a3 dxc4 12. Nxc4 Nd5 13. Bg3 c5 14. e4 N5b6 15.
Be2 cxd4 16. e5 Nxc4 17. Bxc4 Nc5 18. Nxd4 a6 19. f3 b5 20. Ba2 e6 21. Rc1 Nd7
22. Re1 Qg5 23. Bh2 Qd8 24. Kh1 Bb7 25. Qe2 Nb6 26. Nc6 Bxc6 27. Rxc6 Bf8 28.
Bg1 Nd5 29. Rd1 Qd7 30. Bxd5 exd5 31. Rc2 Qe6 32. f4 f6 33. Bh2 fxe5 34. Qxe5
Qxe5 35. fxe5 Rad8 36. Rcd2 Bg7 37. Rxd5 Rc8 38. Kg1 Rc2 39. Rd8 Kf7 40. R8d7+
Re7 41. Rf1+ Ke8 42. Rxe7+ Kxe7 43. Rd1 Rxb2 44. Rd6 Bh6 45. Rd3 a5 46. Bg3 a4
47. Kf1 Rb3 48. Ke2 Rb2+ 49. Kf3 Rb3 50. Ke4 b4 51. axb4 Rxb4+ 52. Rd4 Rxd4+
53. Kxd4 Bg7 1/2-1/2

[Event "Madrid-ch Superveteranos +65 2019"]
[Site "Madrid ESP"]
[Date "2019.01.22"]
[Round "2.10"]
[White "Tome Salvador, Jose Antonio"]
[Black "Martin Rodriguez, Jose Luis"]
[Result "1-0"]
[WhiteElo "1610"]
[BlackElo "1285"]
[PlyCount "53"]
[EventDate "2019.01.21"]
[EventType "swiss"]
[EventRounds "7"]
[EventCountry "ESP"]
[SourceTitle "Ajedrez en Madrid"]
[Source "lmi"]
[SourceDate "2019.01.21"]
[SourceVersion "1"]
[SourceVersionDate "2019.01.30"]
[SourceQuality "1"]

1. d4 Nf6 2. c4 e6 3. Nf3 Bb4+ 4. Nc3 d5 5. e3 O-O 6. Bd2 b6 7. Bd3 dxc4 8.
Bxc4 Bb7 9. O-O Nc6 10. Re1 Ne7 11. a3 Bxc3 12. Bxc3 Ne4 13. Rc1 Nxc3 14. Rxc3
Ng6 15. Be2 Rc8 16. Qa4 Bd5 17. Rec1 c5 18. dxc5 Bc6 19. Qxa7 bxc5 20. R3c2 Qf6
21. b4 Bxf3 22. Bxf3 Ne5 23. Be2 Rfd8 24. Rxc5 Ra8 25. Qxa8 Nd7 26. Rc8 Qb2 27.
Rxd8+ 1-0

[Event "Madrid-ch Superveteranos +65 2019"]
[Site "Madrid ESP"]
[Date "2019.01.22"]
[Round "2.11"]
[White "De Juan Rivas, Antonio"]
[Black "Antolin Palenzuela, Francisco J"]
[Result "1-0"]
[WhiteElo "1560"]
[BlackElo "1462"]
[PlyCount "120"]
[EventDate "2019.01.21"]
[EventType "swiss"]
[EventRounds "7"]
[EventCountry "ESP"]
[SourceTitle "Ajedrez en Madrid"]
[Source "lmi"]
[SourceDate "2019.01.21"]
[SourceVersion "1"]
[SourceVersionDate "2019.01.30"]
[SourceQuality "1"]

1. d4 d5 2. Bf4 Nf6 3. e3 e6 4. Nf3 a6 5. Nbd2 Be7 6. Ne5 Nbd7 7. Ndf3 Nh5 8.
Ng5 Nxe5 9. Bxe5 Bxg5 10. Qxh5 Bf6 11. Bd3 g6 12. Bxf6 Qxf6 13. Qe2 Bd7 14. O-O
O-O 15. c4 dxc4 16. Bxc4 b5 17. Bb3 Bc6 18. Rac1 Bd5 19. Rxc7 Bxb3 20. axb3 e5
21. d5 Rac8 22. Rfc1 Rxc7 23. Rxc7 Qd6 24. Qc2 Qxd5 25. e4 Qd4 26. h3 Rd8 27.
Rc8 Kg7 28. Rxd8 Qxd8 29. Qc3 Qd6 30. b4 f6 31. f3 h5 32. Kf2 g5 33. Ke3 h4 34.
Qc5 Qxc5+ 35. bxc5 Kf7 36. b4 Ke7 37. Kf2 Kd7 38. g3 Kc6 39. gxh4 gxh4 40. Ke3
a5 41. bxa5 Kxc5 42. Kd3 b4 43. a6 Kb6 44. a7 Kxa7 45. Kc4 Kb6 46. Kxb4 Kc6 47.
Kc4 Kd6 48. Kb5 Ke6 49. Kc5 f5 50. Kc4 fxe4 51. fxe4 Kd6 52. Kb5 Kd7 53. Kc5
Ke6 54. Kc6 Ke7 55. Kd5 Kf6 56. Kd6 Kg5 57. Kxe5 Kg6 58. Kd6 Kg5 59. e5 Kf4 60.
e6 Kg3 1-0

[Event "Madrid-ch Superveteranos +65 2019"]
[Site "Madrid ESP"]
[Date "2019.01.22"]
[Round "2.12"]
[White "Becerra Baigorri, Jose"]
[Black "Mendez Rodriguez, Carlos"]
[Result "0-1"]
[WhiteElo "1479"]
[BlackElo "1558"]
[PlyCount "78"]
[EventDate "2019.01.21"]
[EventType "swiss"]
[EventRounds "7"]
[EventCountry "ESP"]
[SourceTitle "Ajedrez en Madrid"]
[Source "lmi"]
[SourceDate "2019.01.21"]
[SourceVersion "1"]
[SourceVersionDate "2019.01.30"]
[SourceQuality "1"]

1. e4 c5 2. Nf3 g6 3. d4 cxd4 4. Nxd4 Nc6 5. Be3 Bg7 6. Nc3 Nf6 7. Be2 O-O 8.
O-O a6 9. Qd2 b5 10. a3 Bb7 11. f3 Rc8 12. Rad1 Qc7 13. Nxc6 dxc6 14. Bc5 Rfd8
15. Bd3 Qe5 16. Qf2 Nd7 17. Be3 c5 18. f4 Qc7 19. e5 e6 20. Be4 b4 21. Bxb7
Qxb7 22. Nb1 Qe4 23. Rfe1 Qb7 24. Bxc5 bxa3 25. Bxa3 Nb6 26. Rxd8+ Rxd8 27. b3
Nd5 28. Rd1 Rc8 29. c4 Ne7 30. Bxe7 Qxe7 31. Qb6 Bf8 32. Qxa6 Rb8 33. Qa2 Qb4
34. Nd2 Qc3 35. Rf1 Rd8 36. Nb1 Bc5+ 37. Kh1 Qd3 38. Re1 Qd1 39. Qa5 Bf2 0-1

[Event "Madrid-ch Superveteranos +65 2019"]
[Site "Madrid ESP"]
[Date "2019.01.22"]
[Round "2.13"]
[White "Sanchez Lucena, Juan"]
[Black "Diaz Begonte, Manuel"]
[Result "1-0"]
[WhiteElo "1454"]
[BlackElo "1552"]
[PlyCount "71"]
[EventDate "2019.01.21"]
[EventType "swiss"]
[EventRounds "7"]
[EventCountry "ESP"]
[SourceTitle "Ajedrez en Madrid"]
[Source "lmi"]
[SourceDate "2019.01.21"]
[SourceVersion "1"]
[SourceVersionDate "2019.01.30"]
[SourceQuality "1"]

1. d4 d5 2. Nf3 Nf6 3. Bf4 e6 4. a3 c5 5. c3 Nc6 6. e3 Qb6 7. Qc2 Bd7 8. Nbd2
Rc8 9. Ne5 cxd4 10. Nxc6 Rxc6 11. exd4 Be7 12. Be2 O-O 13. O-O a6 14. h3 Qxd4
15. Be3 Qe5 16. Nf3 Qb8 17. Ne5 Rcc8 18. Nxd7 Nxd7 19. Qd2 Nc5 20. Bd1 Ne4 21.
Qd3 f5 22. f4 Qc7 23. Rc1 Bc5 24. Rc2 Bxe3+ 25. Qxe3 Qc5 26. Rf3 d4 27. cxd4
Qd5 28. Rxc8 Rxc8 29. Bb3 Qd6 30. Rf2 Kf7 31. Re2 Rd8 32. g4 g6 33. Rc2 Qxd4
34. Rc7+ Kf6 35. g5+ Nxg5 36. fxg5# 1-0

[Event "Madrid-ch Superveteranos +65 2019"]
[Site "Madrid ESP"]
[Date "2019.01.22"]
[Round "2.14"]
[White "Fernandez-Bujarrabal V., Pedro"]
[Black "Abad Martin-Camuñas, Luis"]
[Result "1-0"]
[WhiteElo "1502"]
[BlackElo "1369"]
[PlyCount "41"]
[EventDate "2019.01.21"]
[EventType "swiss"]
[EventRounds "7"]
[EventCountry "ESP"]
[SourceTitle "Ajedrez en Madrid"]
[Source "lmi"]
[SourceDate "2019.01.21"]
[SourceVersion "1"]
[SourceVersionDate "2019.01.30"]
[SourceQuality "1"]

1. e4 e6 2. d4 d5 3. e5 c5 4. Nf3 Nc6 5. c3 Bd7 6. Bd3 Qb6 7. O-O cxd4 8. cxd4
Nxd4 9. Nxd4 Qxd4 10. Qe2 Qb6 11. Nc3 Bb4 12. a3 Bxc3 13. bxc3 Ne7 14. Bd2 O-O
15. Rab1 Qc7 16. Rb4 Nc6 17. Bxh7+ Kh8 18. Qh5 Qxe5 19. Bg5 f6 20. Bg6+ Kg8 21.
Qh7# 1-0

[Event "Madrid-ch Superveteranos +65 2019"]
[Site "Madrid ESP"]
[Date "2019.01.22"]
[Round "2.15"]
[White "Perales Hernandez, Manuel"]
[Black "Arroyo Fraile, Mario"]
[Result "0-1"]
[WhiteElo "1333"]
[BlackElo "1502"]
[PlyCount "110"]
[EventDate "2019.01.21"]
[EventType "swiss"]
[EventRounds "7"]
[EventCountry "ESP"]
[SourceTitle "Ajedrez en Madrid"]
[Source "lmi"]
[SourceDate "2019.01.21"]
[SourceVersion "1"]
[SourceVersionDate "2019.01.30"]
[SourceQuality "1"]

1. e4 e6 2. e5 d5 3. d4 c5 4. c4 cxd4 5. Qxd4 Nc6 6. Qf4 d4 7. a3 Qa5+ 8. Bd2
Qxe5+ 9. Qxe5 Nxe5 10. Bf4 Nc6 11. b4 e5 12. b5 exf4 13. bxc6 bxc6 14. Ne2 c5
15. Nxf4 Nf6 16. Bd3 Bd6 17. Ne2 O-O 18. Nd2 a5 19. a4 Rb8 20. Rb1 Bd7 21. Bc2
Rb4 22. Rxb4 cxb4 23. Nxd4 Re8+ 24. Kd1 Bc5 25. N2b3 Bxd4 26. Nxd4 Rc8 27. Bd3
Bxa4+ 28. Kd2 Rd8 29. Ke3 Ng4+ 30. Kf3 Rxd4 31. Bf5 Ne5+ 32. Kg3 Rxc4 33. Re1
Rc5 34. f4 Ng6 35. Kg4 Bb5 36. h4 b3 37. h5 Nf8 38. Rb1 a4 39. Be4 Be2+ 40. Kg3
Bxh5 41. f5 Be2 42. Kf4 Bb5 43. g4 Rc4 44. Ke5 Bc6 45. Bd3 Nd7+ 46. Kd6 Rd4+
47. Kxc6 Rxd3 48. Re1 h6 49. Re8+ Kh7 50. Ra8 Rd4 51. Kb5 b2 52. Kc6 b1=Q 53.
Re8 Qc2+ 54. Kb5 Qc4+ 55. Ka5 Rd5# 0-1

[Event "Madrid-ch Superveteranos +65 2019"]
[Site "Madrid ESP"]
[Date "2019.01.22"]
[Round "2.17"]
[White "Perez Ramos, Miguel Angel"]
[Black "Salgado Duarte, Pablo"]
[Result "0-1"]
[WhiteElo "1131"]
[BlackElo "1480"]
[PlyCount "64"]
[EventDate "2019.01.21"]
[EventType "swiss"]
[EventRounds "7"]
[EventCountry "ESP"]
[SourceTitle "Ajedrez en Madrid"]
[Source "lmi"]
[SourceDate "2019.01.21"]
[SourceVersion "1"]
[SourceVersionDate "2019.01.30"]
[SourceQuality "1"]

1. e4 c5 2. Nf3 Nc6 3. c3 e5 4. Bc4 Be7 5. d3 Nf6 6. h3 d6 7. Be3 Bd7 8. Nbd2
a6 9. Nb3 b5 10. Bd5 Nxd5 11. exd5 Na5 12. Nbd2 f5 13. Nb1 f4 14. Bd2 Bf5 15.
b4 Nb7 16. Qe2 O-O 17. c4 Qe8 18. Nxe5 dxe5 19. f3 Bh4+ 20. Kd1 Bf6 21. Bc3
bxc4 22. dxc4 Qa4+ 23. Ke1 cxb4 24. Bd2 e4 25. Bxf4 Bxa1 26. Be3 exf3 27. gxf3
Bxb1 28. Kf2 Qxa2 29. Qxa2 Bxa2 30. Rxa1 Bxc4 31. d6 Nxd6 32. Bc5 Ne4+ 0-1

[Event "Madrid-ch Superveteranos +65 2019"]
[Site "Madrid ESP"]
[Date "2019.01.23"]
[Round "3.1"]
[White "Pastor Alonso De Prado, Alberto"]
[Black "Guillen Marco, Jose Antonio"]
[Result "1/2-1/2"]
[WhiteElo "2147"]
[BlackElo "1919"]
[PlyCount "72"]
[EventDate "2019.01.21"]
[EventType "swiss"]
[EventRounds "7"]
[EventCountry "ESP"]
[SourceTitle "Ajedrez en Madrid"]
[Source "lmi"]
[SourceDate "2019.01.21"]
[SourceVersion "1"]
[SourceVersionDate "2019.01.30"]
[SourceQuality "1"]

1. e4 e6 2. d4 d5 3. e5 c5 4. c3 Nc6 5. Nf3 Qb6 6. Be2 f6 7. O-O Bd7 8. a3 c4
9. Nbd2 Na5 10. exf6 gxf6 11. Nh4 O-O-O 12. f4 Bd6 13. Kh1 Nh6 14. f5 Nxf5 15.
Nxf5 exf5 16. Bf3 Bc7 17. Rf2 Qd6 18. Qg1 Rde8 19. Bh5 Re1 20. Rf1 Rxf1 21.
Nxf1 Nb3 22. Rb1 f4 23. Bd2 Bf5 24. Re1 Be4 25. Qf2 Rg8 26. Bf3 f5 27. Re2 Qh6
28. Re1 Qg5 29. Kg1 Rg6 30. Kh1 Rh6 31. Rd1 Rh4 32. Be1 Rh6 33. Bd2 Rb6 34. Be1
Rh6 35. Bd2 Rh4 36. Be1 Rh6 1/2-1/2

[Event "Madrid-ch Superveteranos +65 2019"]
[Site "Madrid ESP"]
[Date "2019.01.23"]
[Round "3.2"]
[White "Rueda Maria, Ramiro"]
[Black "Gonzalez Rivera, Eduardo"]
[Result "1/2-1/2"]
[WhiteElo "1819"]
[BlackElo "2025"]
[PlyCount "51"]
[EventDate "2019.01.21"]
[EventType "swiss"]
[EventRounds "7"]
[EventCountry "ESP"]
[SourceTitle "Ajedrez en Madrid"]
[Source "lmi"]
[SourceDate "2019.01.21"]
[SourceVersion "1"]
[SourceVersionDate "2019.01.30"]
[SourceQuality "1"]

1. e4 e5 2. Nf3 Nc6 3. Bc4 Nf6 4. d3 Bc5 5. Nc3 d6 6. h3 Ne7 7. Na4 Bb6 8. Nxb6
axb6 9. a3 Ng6 10. O-O O-O 11. Re1 Qe7 12. d4 Bd7 13. Bg5 Rad8 14. Nh4 Nxh4 15.
Bxh4 h6 16. c3 g5 17. Bg3 Kg7 18. Kh2 c5 19. dxe5 dxe5 20. Qe2 Bc6 21. f3 Nh5
22. Rad1 Qf6 23. Bd5 Kg6 24. Rd2 Ng7 25. Red1 Rc8 26. Qc4 1/2-1/2

[Event "Madrid-ch Superveteranos +65 2019"]
[Site "Madrid ESP"]
[Date "2019.01.23"]
[Round "3.3"]
[White "Ciuro Muñoz, Ricardo"]
[Black "Cruz Gonzalez, Antonio"]
[Result "1-0"]
[WhiteElo "1994"]
[BlackElo "1790"]
[PlyCount "79"]
[EventDate "2019.01.21"]
[EventType "swiss"]
[EventRounds "7"]
[EventCountry "ESP"]
[SourceTitle "Ajedrez en Madrid"]
[Source "lmi"]
[SourceDate "2019.01.21"]
[SourceVersion "1"]
[SourceVersionDate "2019.01.30"]
[SourceQuality "1"]

1. e4 b6 2. d4 Bb7 3. Nc3 e6 4. Bd3 Nf6 5. a3 c5 6. Nf3 c4 7. Bxc4 Nxe4 8. Nxe4
Bxe4 9. Qe2 Bb7 10. O-O d5 11. Bd3 Be7 12. Ne5 Nd7 13. Bb5 Bc8 14. Bc6 Rb8 15.
Bf4 Bg5 16. Bxd7+ Bxd7 17. Qh5 O-O 18. Bxg5 f6 19. Nxd7 Qxd7 20. Bf4 Rbc8 21.
c3 Rfe8 22. Rae1 Rc6 23. Re2 a6 24. Rfe1 g6 25. Qh3 Qf7 26. Bd2 b5 27. f4 f5
28. g4 Kh8 29. gxf5 gxf5 30. Rg2 Rcc8 31. Re3 Rg8 32. Reg3 Rxg3 33. Qxg3 Re8
34. Qg5 Rc8 35. Be1 Re8 36. Bh4 Rf8 37. Qe7 Qxe7 38. Bxe7 Rf7 39. Bd6 h6 40.
Rg6 1-0

[Event "Madrid-ch Superveteranos +65 2019"]
[Site "Madrid ESP"]
[Date "2019.01.23"]
[Round "3.4"]
[White "Corredor Gonzalez, Angel L."]
[Black "Garcia Esteban, Ignacio"]
[Result "0-1"]
[WhiteElo "1709"]
[BlackElo "1807"]
[PlyCount "66"]
[EventDate "2019.01.21"]
[EventType "swiss"]
[EventRounds "7"]
[EventCountry "ESP"]
[SourceTitle "Ajedrez en Madrid"]
[Source "lmi"]
[SourceDate "2019.01.21"]
[SourceVersion "1"]
[SourceVersionDate "2019.01.30"]
[SourceQuality "1"]

1. e4 c5 2. Nc3 Nc6 3. f4 d6 4. Nf3 Bg4 5. Bc4 e6 6. O-O Nf6 7. Qe1 Be7 8. e5
dxe5 9. fxe5 Bxf3 10. exf6 Bxf6 11. Bxe6 fxe6 12. Qxe6+ Qe7 13. Qxe7+ Kxe7 14.
Rxf3 Nb4 15. d3 Nxc2 16. Nd5+ Kd6 17. Nxf6 Nxa1 18. Ne4+ Kc6 19. Be3 Nc2 20.
Bxc5 b6 21. Bf2 Rhf8 22. Rg3 g6 23. d4 Kd7 24. d5 Rac8 25. h3 Nb4 26. d6 Rf4
27. Re3 Re8 28. Nc3 Rxe3 29. Bxe3 Rf5 30. a4 Nd5 31. Nxd5 Rxd5 32. Bf4 g5 33.
Bg3 h5 0-1

[Event "Madrid-ch Superveteranos +65 2019"]
[Site "Madrid ESP"]
[Date "2019.01.23"]
[Round "3.5"]
[White "Rodriguez Bachiller, Luis"]
[Black "Lopez Heras, Arturo"]
[Result "1-0"]
[WhiteElo "1613"]
[BlackElo "1858"]
[PlyCount "41"]
[EventDate "2019.01.21"]
[EventType "swiss"]
[EventRounds "7"]
[EventCountry "ESP"]
[SourceTitle "Ajedrez en Madrid"]
[Source "lmi"]
[SourceDate "2019.01.21"]
[SourceVersion "1"]
[SourceVersionDate "2019.01.30"]
[SourceQuality "1"]

1. e4 c5 2. Nf3 d6 3. d4 cxd4 4. Nxd4 Nf6 5. Nc3 a6 6. Bc4 e6 7. O-O Be7 8. Re1
O-O 9. b3 b5 10. Bf1 Bb7 11. Bb2 b4 12. Na4 Bxe4 13. Qe2 e5 14. Nf3 Re8 15.
Rad1 Bc6 16. Nxe5 Bxa4 17. bxa4 Qc7 18. Nxf7 Kxf7 19. Qe6+ Kf8 20. Bxf6 gxf6
21. Bc4 1-0

[Event "Madrid-ch Superveteranos +65 2019"]
[Site "Madrid ESP"]
[Date "2019.01.23"]
[Round "3.6"]
[White "De Juan Rivas, Antonio"]
[Black "Martin-Consuegra Barrilero, Francisco Javier"]
[Result "0-1"]
[WhiteElo "1560"]
[BlackElo "1775"]
[PlyCount "128"]
[EventDate "2019.01.21"]
[EventType "swiss"]
[EventRounds "7"]
[EventCountry "ESP"]
[SourceTitle "Ajedrez en Madrid"]
[Source "lmi"]
[SourceDate "2019.01.21"]
[SourceVersion "1"]
[SourceVersionDate "2019.01.30"]
[SourceQuality "1"]

1. d4 d6 2. Nf3 Nf6 3. Bf4 Nh5 4. Bg5 h6 5. Bh4 g5 6. Bg3 Bg7 7. e3 Nxg3 8.
hxg3 Nd7 9. Nbd2 c6 10. c3 Qc7 11. Be2 O-O 12. Qc2 a6 13. Nxg5 Nf6 14. Nge4 Re8
15. O-O-O d5 16. Nxf6+ exf6 17. Rh4 c5 18. Bg4 cxd4 19. Bxc8 dxe3 20. fxe3
Raxc8 21. Qd3 Qxg3 22. Rdh1 Rxe3 23. Qxd5 Re1+ 24. Kc2 Rxh1 25. Rxh1 Qc7 26.
Rh3 Rd8 27. Qf5 Qd7 28. Qxd7 Rxd7 29. Rd3 Re7 30. Nc4 Kh7 31. a4 b5 32. axb5
axb5 33. Re3 Rc7 34. Nd6 b4 35. Ne8 Rc6 36. Kb3 bxc3 37. Rxc3 Rb6+ 38. Kc2 f5
39. Nxg7 Kxg7 40. b4 Rxb4 41. Rf3 Kg6 42. Kc3 Rg4 43. g3 Kg5 44. Rd3 h5 45. Kd2
Re4 46. Rd8 Re6 47. Rd4 Re7 48. Rd8 f4 49. Rg8+ Kf5 50. gxf4 Kxf4 51. Rh8 Re5
52. Rh7 f6 53. Rf7 Kf5 54. Rg7 h4 55. Rg1 Re4 56. Kd3 Ke5 57. Rg8 f5 58. Rf8
Kf4 59. Rh8 Re3+ 60. Kd2 Rh3 61. Ke2 Rh2+ 62. Kf1 Kf3 63. Kg1 Ra2 64. Rxh4 Kg3
0-1

[Event "Madrid-ch Superveteranos +65 2019"]
[Site "Madrid ESP"]
[Date "2019.01.23"]
[Round "3.7"]
[White "Fernandez Garcia, Ignacio"]
[Black "Quintero Cuervo, Edgar"]
[Result "1-0"]
[WhiteElo "1769"]
[BlackElo "1557"]
[PlyCount "57"]
[EventDate "2019.01.21"]
[EventType "swiss"]
[EventRounds "7"]
[EventCountry "ESP"]
[SourceTitle "Ajedrez en Madrid"]
[Source "lmi"]
[SourceDate "2019.01.21"]
[SourceVersion "1"]
[SourceVersionDate "2019.01.30"]
[SourceQuality "1"]

1. e4 c5 2. Nf3 d6 3. Bc4 Nc6 4. c3 Nf6 5. d3 a6 6. Bb3 Bg4 7. h3 Bd7 8. g4 h6
9. Bf4 e5 10. Bg3 Na5 11. Bc2 Be7 12. Nbd2 Rc8 13. Qe2 Nc6 14. Nc4 b5 15. Ne3
g6 16. Bh4 b4 17. Bb3 bxc3 18. bxc3 Qa5 19. O-O Qxc3 20. Bxf6 Nd4 21. Nxd4 Bxf6
22. Nd5 Qxd4 23. Nxf6+ Ke7 24. Nxd7 Kxd7 25. Bxf7 g5 26. Rab1 Rb8 27. Qf3 Kc7
28. Rxb8 Kxb8 29. Rb1+ 1-0

[Event "Madrid-ch Superveteranos +65 2019"]
[Site "Madrid ESP"]
[Date "2019.01.23"]
[Round "3.8"]
[White "Perez Cameselle, Francisco"]
[Black "Fernandez-Bujarrabal V., Pedro"]
[Result "1/2-1/2"]
[WhiteElo "1767"]
[BlackElo "1502"]
[PlyCount "98"]
[EventDate "2019.01.21"]
[EventType "swiss"]
[EventRounds "7"]
[EventCountry "ESP"]
[SourceTitle "Ajedrez en Madrid"]
[Source "lmi"]
[SourceDate "2019.01.21"]
[SourceVersion "1"]
[SourceVersionDate "2019.01.30"]
[SourceQuality "1"]

1. e4 e5 2. Nf3 Nc6 3. Bc4 Nf6 4. O-O Be7 5. Re1 O-O 6. Nc3 d6 7. h3 Na5 8. Bb3
Nxb3 9. axb3 Be6 10. d4 exd4 11. Nxd4 Bd7 12. Bf4 Re8 13. Qd3 a6 14. Rad1 Nh5
15. Bh2 Bg5 16. Nde2 Bc6 17. Nd5 Nf6 18. Nec3 Nxd5 19. exd5 Bd7 20. f4 Bh6 21.
g4 g6 22. Qg3 Bg7 23. Rxe8+ Qxe8 24. Re1 Bd4+ 25. Kg2 Qf8 26. Qd3 Bg7 27. Bg1
Re8 28. Rxe8 Qxe8 29. Bd4 f5 30. Bxg7 Kxg7 31. g5 c5 32. Qe2 b5 33. Qxe8 Bxe8
34. Nd1 Bf7 35. Ne3 Kf8 36. Kf2 Ke7 37. Ke2 Kd8 38. Kd3 Kc7 39. c3 Kb6 40. b4
a5 41. h4 cxb4 42. cxb4 axb4 43. Kd4 Ka5 44. b3 Kb6 45. Nc2 Ka5 46. Ne1 Kb6 47.
Nd3 Ka5 48. Nf2 Kb6 49. Nd3 Ka5 1/2-1/2